[Event "World Blitz 2025"]
[Site "Doha QAT"]
[Date "2025.12.30"]
[Round "18.2"]
[White "Erigaisi, Arjun"]
[Black "Radjabov, Teimour"]
[Result "1-0"]
[WhiteTitle "GM"]
[BlackTitle "GM"]
[WhiteElo "2775"]
[BlackElo "2692"]
[WhiteFideId "35009192"]
[BlackFideId "13400924"]
[EventDate "2025.12.29"]

1. d4 Nf6 2. c4 g6 3. Nc3 Bg7 4. e4 d6 5. Be2 O-O 6. Bg5 Qe8 7. Nf3 Na6 8. h3 e5
9. d5 Nc5 10. Nd2 a5 11. g4 Bd7 12. Qc2 c6 13. Be3 Rc8 14. O-O-O cxd5 15. exd5
e4 16. Kb1 a4 17. g5 Nh5 18. Bxh5 gxh5 19. Bxc5 Rxc5 20. Ncxe4 Bf5 21. Nf6+ Bxf6
22. Qxf5 Bg7 23. Ne4 Rxc4 24. Nxd6 Qe2 25. Nxc4 Qxc4 26. Qc2 Qb5 27. a3 Rd8 28.
d6 Bf8 29. Rd3 Rxd6 30. Rxd6 Bxd6 31. Rd1 Be5 32. f4 Bxf4 33. Rd4 Bxg5 34. Qxa4
Qf1+ 35. Ka2 Qxh3 36. Qd7 Qe3 37. Rd3 Qe5 38. Qxb7 h4 39. Qd5 Qf6 40. Rf3 Qg6
41. Qf5 Qh5 42. a4 f6 43. Rd3 Qe8 44. Qd5+ Kg7 45. Qd7+ Qxd7 46. Rxd7+ Kg6 47.
a5 Kh5 48. a6 Be3 49. a7 Bxa7 50. Rxa7 h6 51. b4 h3 52. Kb3 f5 53. b5 f4 54. b6 1-0

[Event "World Blitz 2025"]
[Site "Doha QAT"]
[Date "2025.12.30"]
[Round "18.4"]
[White "Nihal, Sarin"]
[Black "Dubov, Daniil"]
[Result "1-0"]
[WhiteTitle "GM"]
[BlackTitle "GM"]
[WhiteElo "2701"]
[BlackElo "2672"]
[WhiteFideId "25092340"]
[BlackFideId "24126055"]
[EventDate "2025.12.29"]

1. e4 c5 2. Nf3 d6 3. Nc3 Nf6 4. Bb5+ Bd7 5. Qe2 Nc6 6. Bxc6 Bxc6 7. d4 cxd4 8.
Nxd4 Qb6 9. Nxc6 Qxc6 10. Bg5 e6 11. Bxf6 gxf6 12. O-O-O Be7 13. Kb1 a6 14. f4
O-O-O 15. Rhe1 Rd7 16. f5 h5 17. Qf3 Rc7 18. Qh3 Qd7 19. Ne2 Bd8 20. Nf4 Re8 21.
Qxh5 Rc6 22. Qf3 Kb8 23. g4 Rc4 24. Qd3 Rc6 25. Nh5 Rg8 26. h3 Be7 27. fxe6 fxe6
28. Rf1 Rgc8 29. c3 Qd8 30. Ka1 a5 31. h4 a4 32. a3 Rc4 33. Nf4 Qd7 34. Ng6 d5
35. Nxe7 Qxe7 36. exd5 Rxg4 37. Qf3 f5 38. d6 Qd7 39. h5 Rh8 40. Rh1 Rh6 41. Qe3
f4 42. Qe5 f3 43. Rdf1 Qg7 44. Qxg7 Rxg7 45. Rxf3 Kc8 46. Rf4 b5 47. Rb4 Rg5 48.
c4 bxc4 49. Rxc4+ Kd7 50. Rxa4 Rhxh5 51. Rxh5 Rxh5 52. Rd4 Rc5 53. Kb1 e5 54.
Rd1 e4 55. b4 Rc8 56. Kb2 e3 57. Re1 Re8 58. Kc3 Kxd6 59. a4 Ra8 60. a5 Rc8+ 61.
Kd3 Rb8 62. Rb1 Re8 63. Ke2 Kc7 64. b5 Kb7 65. Rb3 Re5 66. Rb4 Kb8 67. a6 Re6
68. b6 Rd6 69. Kxe3 Re6+ 70. Kd4 Rh6 71. Kc5 Rh5+ 72. Kc6 Rh6+ 73. Kb5 Rh5+ 74.
Ka4 Rh6 75. Ka5 Rh5+ 76. Rb5 Rh1 77. Re5 Ra1+ 78. Kb5 Rb1+ 79. Kc6 Rc1+ 80. Rc5
Ra1 81. a7+ Ka8 82. b7+ Kxa7 83. Kc7 1-0

[Event "World Blitz 2025"]
[Site "Doha QAT"]
[Date "2025.12.30"]
[Round "18.5"]
[White "Yu, Yangyi"]
[Black "Hakobyan, Aram"]
[Result "0-1"]
[WhiteTitle "GM"]
[BlackTitle "GM"]
[WhiteElo "2717"]
[BlackElo "2613"]
[WhiteFideId "8603820"]
[BlackFideId "13306677"]
[EventDate "2025.12.29"]

1. e4 c5 2. Nf3 e6 3. d4 cxd4 4. Nxd4 Nf6 5. Nc3 Nc6 6. a3 Be7 7. Nxc6 bxc6 8.
e5 Nd5 9. Qg4 O-O 10. Bh6 g6 11. Qg3 Rb8 12. Bxf8 Bxf8 13. Nd1 Bh6 14. Bd3 Bf4
15. Qf3 Bxe5 16. O-O Nf6 17. Re1 Bc7 18. c4 d5 19. Bf1 e5 20. cxd5 cxd5 21. Rc1
e4 22. Qc3 Bb6 23. Qg3 Be6 24. h3 d4 25. b4 d3 26. Rc6 Rc8 27. Rxc8 Qxc8 28. Ne3
Qc3 29. Rd1 Bb3 30. Rb1 Bc2 31. Rc1 Bxe3 32. Qxe3 Qb2 33. Re1 Qc3 34. Rc1 Kg7
35. f3 d2 36. Qxc3 dxc1=Q 37. fxe4 Qd1 38. Qc5 Bd3 39. Qf2 Bxf1 40. Qxf1 Qxf1+
41. Kxf1 Nxe4 42. Ke2 Kf6 43. Kd3 Ke5 44. Kc4 Kd6 45. Kb5 Kc7 46. Ka6 Kb8 47.
Kb5 Kb7 48. a4 Nc3+ 49. Ka5 f5 50. b5 Nd5 51. b6 axb6+ 52. Kb5 Nc3+ 53. Kb4 Nxa4
54. Kxa4 Kc6 0-1

[Event "World Blitz 2025"]
[Site "Doha QAT"]
[Date "2025.12.30"]
[Round "18.6"]
[White "So, Wesley"]
[Black "Sindarov, Javokhir"]
[Result "1/2-1/2"]
[WhiteTitle "GM"]
[BlackTitle "GM"]
[WhiteElo "2753"]
[BlackElo "2726"]
[WhiteFideId "5202213"]
[BlackFideId "14205483"]
[EventDate "2025.12.29"]

1. e4 e5 2. Nc3 Nc6 3. g3 Bc5 4. Bg2 d6 5. Na4 Nge7 6. Ne2 a5 7. Nxc5 dxc5 8. d3
Qd6 9. O-O f6 10. Be3 Be6 11. f4 b6 12. Qd2 O-O-O 13. a3 h5 14. h3 Nd4 15. Kh2
Nxe2 16. Qxe2 Nc6 17. Rad1 Kb8 18. Rd2 Nd4 19. Qd1 Nc6 20. Qe2 Nd4 21. Qd1 Nc6
22. c3 Qd7 23. Qa4 h4 24. g4 exf4 25. Bxf4 Ne5 26. Qc2 g5 27. Bxe5 fxe5 28. b4
cxb4 29. axb4 axb4 30. cxb4 Rhf8 31. Rf5 Bxf5 32. exf5 e4 33. Bxe4 Qd6+ 34. Kh1
Rfe8 35. Qc4 Qg3 36. Ra2 Qxh3+ 37. Kg1 Qxg4+ 38. Kf2 Qg3+ 39. Ke2 Rxe4+ 40. dxe4
Qg2+ 41. Ke3 Qg1+ 42. Ke2 h3 43. Qa6 Qd1+ 44. Ke3 Qe1+ 45. Kf3 Qd1+ 46. Ke3 Qd4+
47. Kf3 Qd1+ 48. Ke3 Qg1+ 49. Kf3 Qd1+ 50. Kf2 Qg4 51. Ke3 1/2-1/2

[Event "World Blitz 2025"]
[Site "Doha QAT"]
[Date "2025.12.30"]
[Round "18.7"]
[White "Abdusattorov, Nodirbek"]
[Black "Artemiev, Vladislav"]
[Result "1-0"]
[WhiteTitle "GM"]
[BlackTitle "GM"]
[WhiteElo "2732"]
[BlackElo "2641"]
[WhiteFideId "14204118"]
[BlackFideId "24101605"]
[EventDate "2025.12.29"]

1. e4 e5 2. Nf3 Nc6 3. Bb5 Nf6 4. d3 Bc5 5. c3 O-O 6. O-O d5 7. exd5 Qxd5 8. Bc4
Qd8 9. b4 Bd6 10. Nbd2 h6 11. Re1 Re8 12. a3 a6 13. Bb2 Bf5 14. Ne4 Be6 15. Bxe6
Rxe6 16. c4 Bf8 17. Qc2 Nxe4 18. Rxe4 Qd6 19. Rae1 Rd8 20. R4e3 Rde8 21. h3 f6
22. b5 axb5 23. cxb5 Nd8 24. Qc4 Qc5 25. Qb3 c6 26. bxc6 bxc6 27. d4 Qb5 28.
dxe5 fxe5 29. Qa2 Nf7 30. Nxe5 Qd5 31. Qxd5 cxd5 32. Nxf7 Kxf7 33. Rxe6 Rxe6 34.
Rxe6 Kxe6 35. Kf1 g6 36. Ke2 Kd6 37. Kd3 Kc5 38. g4 Bd6 39. Bc3 Kb5 40. Bb4 Be5
41. f3 h5 42. Bc3 Bd6 43. Kd4 Bxa3 44. Kxd5 Bc1 45. Bf6 Kb6 46. Ke6 Kc6 47. Kf7
hxg4 48. fxg4 Kd5 1-0

[Event "World Blitz 2025"]
[Site "Doha QAT"]
[Date "2025.12.30"]
[Round "18.8"]
[White "Duda, Jan-Krzysztof"]
[Black "Lu, Shanglei"]
[Result "1/2-1/2"]
[WhiteTitle "GM"]
[BlackTitle "GM"]
[WhiteElo "2729"]
[BlackElo "2643"]
[WhiteFideId "1170546"]
[BlackFideId "8603332"]
[EventDate "2025.12.29"]

1. e4 c5 2. Nf3 e6 3. d4 cxd4 4. Nxd4 Nf6 5. Nc3 Bb4 6. e5 Nd5 7. Qg4 Kf8 8. Bd2
h5 9. Qe4 d6 10. exd6 Nxc3 11. bxc3 Bxd6 12. Bd3 Nd7 13. O-O Nc5 14. Qf3 Qf6 15.
Qxf6 gxf6 16. Nb5 Be7 17. Rab1 b6 18. Nc7 Rb8 19. Bf4 Rb7 20. Na6 Nxd3 21. cxd3
Rd7 22. Nb4 Bb7 23. d4 Kg7 24. Rfe1 Rc8 25. Bd2 h4 26. Nc2 Rc4 27. Ne3 Ra4 28.
Rb2 f5 29. f3 h3 30. Re2 Bf6 31. Be1 hxg2 32. Rxg2+ Kf8 33. Rgf2 Bh4 34. Rf1
Bxe1 35. Rxe1 Bxf3 36. Kf2 Be4 37. h4 Rc7 38. Nd1 f6 39. Ke3 Rh7 40. Rh2 Ra3 41.
Rg1 b5 42. Kf4 b4 43. Rg3 Kf7 44. h5 a5 45. h6 a4 46. Rgh3 b3 47. axb3 Rxb3 48.
c4 Rxh3 49. Rxh3 Kg6 50. Nc3 Bc6 51. Rg3+ Kf7 52. d5 e5+ 53. Kxf5 Bd7+ 54. Ke4
Rxh6 55. c5 Rh4+ 56. Ke3 a3 57. c6 Bxc6 58. dxc6 Rc4 59. Kd3 Rxc6 60. Rg2 Ke6
61. Ra2 Ra6 62. Nb5 Ra5 63. Kc4 f5 64. Kb4 Rxb5+ 65. Kxb5 Kd5 66. Rxa3 f4 67.
Rd3+ Ke4 68. Kc4 f3 69. Rd8 Ke3 70. Rf8 e4 71. Kd5 f2 72. Rxf2 1/2-1/2

[Event "World Blitz 2025"]
[Site "Doha QAT"]
[Date "2025.12.30"]
[Round "18.9"]
[White "Firouzja, Alireza"]
[Black "Mamedov, Rauf"]
[Result "1/2-1/2"]
[WhiteTitle "GM"]
[BlackTitle "GM"]
[WhiteElo "2762"]
[BlackElo "2645"]
[WhiteFideId "12573981"]
[BlackFideId "13401653"]
[EventDate "2025.12.29"]

1. d4 Nf6 2. c4 g6 3. Nc3 Bg7 4. e4 d6 5. h3 O-O 6. Be3 Nc6 7. Qd2 e5 8. d5 Nd4
9. Nge2 Re8 10. f3 c5 11. dxc6 bxc6 12. Nxd4 exd4 13. Bxd4 Rb8 14. Be2 d5 15.
cxd5 cxd5 16. exd5 Nxd5 17. Bxg7 Qh4+ 18. Kf1 Ne3+ 19. Kg1 Kxg7 20. Ne4 Nf5 21.
Qc3+ Kh6 22. Qd2+ Kg7 23. Kh2 Bb7 24. g3 Qe7 25. Rhe1 Bxe4 26. fxe4 Qe5 27. Qf4
Rxb2 28. exf5 Rxe2+ 29. Rxe2 Qxe2+ 30. Kg1 Qe3+ 31. Qxe3 Rxe3 32. Kg2 Ra3 33.
fxg6 hxg6 34. h4 f5 35. Kf2 Kh6 36. Rb1 Rxa2+ 37. Kf3 a5 38. Rb8 a4 39. Ra8 a3
40. Ra7 Ra1 41. Kg2 a2 42. Kh2 Kh5 43. Kg2 g5 44. hxg5 Kxg5 45. Ra8 Kf6 46. Ra7
Ke5 47. Ra8 1/2-1/2

[Event "World Blitz 2025"]
[Site "Doha QAT"]
[Date "2025.12.30"]
[Round "18.10"]
[White "Keymer, Vincent"]
[Black "Nepomniachtchi, Ian"]
[Result "0-1"]
[WhiteTitle "GM"]
[BlackTitle "GM"]
[WhiteElo "2776"]
[BlackElo "2723"]
[WhiteFideId "12940690"]
[BlackFideId "4168119"]
[EventDate "2025.12.29"]

1. c4 Nf6 2. Nc3 e5 3. Nf3 Nc6 4. e3 Bb4 5. Qc2 Bxc3 6. Qxc3 Qe7 7. a3 d5 8. d4
exd4 9. Nxd4 Nxd4 10. Qxd4 c5 11. Qh4 g5 12. Qxg5 Rg8 13. Qf4 Rg4 14. Qf3 dxc4
15. h3 Re4 16. Bd2 Bd7 17. Rc1 Bc6 18. Qf5 Re5 19. Qf4 Re4 20. Qf5 Re5 21. Qf4
Ne4 22. Bc3 Nxc3 23. Rxc3 b5 24. Be2 Rd8 25. Bf3 Bxf3 26. Qxf3 Qe6 27. O-O Rd2
28. Qa8+ Ke7 29. Qb7+ Qd7 30. Qb8 Rg5 31. Qf4 Qf5 32. a4 a6 33. axb5 axb5 34. b3
Rd3 35. Rxd3 cxd3 36. Qc7+ Kf8 37. Rd1 Kg7 38. Qd8 c4 39. bxc4 bxc4 40. Qd4+ f6
41. Qxc4 Qf3 42. Qc7+ Kg6 43. g4 Qxd1+ 44. Kg2 Qb3 45. Qe7 Qf7 46. Qa3 Qd5+ 0-1

[Event "World Blitz 2025"]
[Site "Doha QAT"]
[Date "2025.12.30"]
[Round "18.11"]
[White "Le, Quang Liem"]
[Black "Lazavik, Denis"]
[Result "0-1"]
[WhiteTitle "GM"]
[BlackTitle "GM"]
[WhiteElo "2731"]
[BlackElo "2605"]
[WhiteFideId "12401137"]
[BlackFideId "13515110"]
[EventDate "2025.12.29"]

1. d4 d5 2. c4 e6 3. Nf3 Nf6 4. g3 Bb4+ 5. Bd2 Be7 6. Bg2 O-O 7. O-O c6 8. Qc2
Nbd7 9. Bf4 b6 10. cxd5 cxd5 11. Rc1 Bb7 12. Nbd2 Rc8 13. Qa4 a6 14. h4 b5 15.
Qd1 Qb6 16. Bf1 h6 17. e3 Ne4 18. a4 Nxd2 19. Nxd2 Bc6 20. axb5 Bxb5 21. Bxb5
axb5 22. Nf3 Qb7 23. Qd3 Nf6 24. Nd2 Nd7 25. Nb3 Qb6 26. Kg2 Nf6 27. Nd2 Nd7 28.
Rc2 Bb4 29. Nf3 Qb7 30. Rac1 Rc4 31. b3 Rxc2 32. Rxc2 Nf6 33. Ne5 Bd6 34. Nc6
Bxf4 35. exf4 Ne4 36. Ne5 b4 37. Rc6 Rc8 38. Rxc8+ Qxc8 39. Qb5 Qc2 40. Nd3 Qe2
41. Qe8+ Kh7 42. Qxf7 Qxd3 43. Qxe6 Nf6 44. Qe5 0-1

[Event "World Blitz 2025"]
[Site "Doha QAT"]
[Date "2025.12.30"]
[Round "18.12"]
[White "Matlakov, Maxim"]
[Black "Grischuk, Alexander"]
[Result "1-0"]
[WhiteTitle "GM"]
[BlackTitle "GM"]
[WhiteElo "2606"]
[BlackElo "2654"]
[WhiteFideId "4168003"]
[BlackFideId "4126025"]
[EventDate "2025.12.29"]

1. d4 Nf6 2. c4 g6 3. Nc3 d5 4. Nf3 Bg7 5. Bg5 dxc4 6. e4 c5 7. dxc5 Qa5 8. Bd2
Qxc5 9. Qa4+ Bd7 10. Qxc4 Na6 11. h3 Bc6 12. e5 Nd5 13. Be2 Qxc4 14. Bxc4 Ndb4
15. O-O Bxf3 16. gxf3 Bxe5 17. Bh6 e6 18. Ne4 O-O-O 19. Ng5 Rd7 20. Nxf7 Rxf7
21. Bxe6+ Rd7 22. Rfd1 Nb8 23. Rac1+ N4c6 24. b4 a6 25. a4 Kd8 26. Bg5+ Ke8 27.
Bxd7+ Nxd7 28. b5 axb5 29. axb5 Ne7 30. Re1 Bd6 31. Bxe7 1-0

[Event "World Blitz 2025"]
[Site "Doha QAT"]
[Date "2025.12.30"]
[Round "18.13"]
[White "Mamedyarov, Shakhriyar"]
[Black "Pranesh, M"]
[Result "0-1"]
[WhiteTitle "GM"]
[BlackTitle "GM"]
[WhiteElo "2730"]
[BlackElo "2627"]
[WhiteFideId "13401319"]
[BlackFideId "35028600"]
[EventDate "2025.12.29"]

1. c4 e5 2. Nc3 Bb4 3. Qb3 a5 4. a3 Bc5 5. Nf3 d6 6. e3 Nc6 7. Qc2 Nf6 8. Be2
O-O 9. O-O Re8 10. d3 Bf5 11. Nd2 Bg6 12. b3 Ne7 13. Bb2 c6 14. Na4 Ba7 15. b4
Nf5 16. Ne4 d5 17. Ng3 Nxg3 18. hxg3 dxc4 19. Rfd1 axb4 20. axb4 b5 21. Nc3 Nd5
22. Nxd5 cxd5 23. Ra5 d4 24. Rda1 dxe3 25. Kf1 cxd3 26. Ke1 0-1

[Event "World Blitz 2025"]
[Site "Doha QAT"]
[Date "2025.12.30"]
[Round "18.14"]
[White "Jobava, Baadur"]
[Black "Paravyan, David"]
[Result "0-1"]
[WhiteTitle "GM"]
[BlackTitle "GM"]
[WhiteElo "2568"]
[BlackElo "2582"]
[WhiteFideId "13601520"]
[BlackFideId "4194985"]
[EventDate "2025.12.29"]

1. e4 e5 2. Nf3 Nf6 3. Nxe5 d6 4. Nf3 Nxe4 5. d3 Nf6 6. d4 d5 7. Bd3 Bb4+ 8. c3
Bd6 9. O-O O-O 10. Bg5 Bg4 11. Nbd2 Nbd7 12. Qc2 h6 13. Bh4 c6 14. h3 Bxf3 15.
Nxf3 Qc7 16. Bxf6 Nxf6 17. b3 Rfe8 18. c4 c5 19. Rad1 dxc4 20. Bxc4 a6 21. a4
Rab8 22. dxc5 Bxc5 23. Qf5 b5 24. axb5 axb5 25. Bd3 Qb6 26. Nh2 g6 27. Qf4 Kg7
28. Nf3 Rbd8 29. b4 Bf8 30. h4 Nd5 31. Qd4+ Qxd4 32. Nxd4 Nc3 33. Bxb5 Nxd1 34.
Rxd1 Re5 35. Ba4 Red5 0-1

[Event "World Blitz 2025"]
[Site "Doha QAT"]
[Date "2025.12.30"]
[Round "18.15"]
[White "Samunenkov, Ihor"]
[Black "Gukesh, D"]
[Result "1-0"]
[WhiteTitle "GM"]
[BlackTitle "GM"]
[WhiteElo "2584"]
[BlackElo "2754"]
[WhiteFideId "14187086"]
[BlackFideId "46616543"]
[EventDate "2025.12.29"]

1. e4 c6 2. d4 d5 3. e5 Bf5 4. h4 h5 5. Bd3 Bxd3 6. Qxd3 Qa5+ 7. Nd2 e6 8. Nf3
Qa6 9. c4 Nh6 10. O-O Nf5 11. a4 Be7 12. b3 O-O 13. Ba3 Bxa3 14. Rxa3 Rd8 15. b4
Nd7 16. Rb1 Nf8 17. b5 Qa5 18. c5 Qc7 19. a5 Rd7 20. a6 cxb5 21. Rxb5 b6 22. Rc3
bxc5 23. Rcxc5 Qd8 24. g3 Rb8 25. Nb3 Rxb5 26. Qxb5 Ng6 27. Na5 Rc7 28. Nc6 Qd7
29. Qb8+ Nf8 30. Ne7+ 1-0

[Event "World Blitz 2025"]
[Site "Doha QAT"]
[Date "2025.12.30"]
[Round "18.16"]
[White "Aronian, Levon"]
[Black "Ahmad, Khagan"]
[Result "1-0"]
[WhiteTitle "GM"]
[BlackTitle "IM"]
[WhiteElo "2729"]
[BlackElo "2472"]
[WhiteFideId "13300474"]
[BlackFideId "13431552"]
[EventDate "2025.12.29"]

1. e4 c5 2. Nf3 d6 3. c3 Nf6 4. Be2 g6 5. O-O Bg7 6. d3 O-O 7. Be3 Nc6 8. Nbd2
e5 9. a3 a5 10. a4 b6 11. Bg5 Be6 12. Nc4 Qc7 13. Nfd2 h6 14. Bxf6 Bxf6 15. Bg4
Kh7 16. g3 Rad8 17. Bxe6 fxe6 18. h4 Bg7 19. h5 g5 20. Ne3 d5 21. Qe2 Qf7 22.
Kg2 Ne7 23. Ng4 Nc6 24. Rh1 Kh8 25. Nf3 c4 26. dxc4 dxe4 27. Qxe4 Qf5 28. Rhe1
Rd3 29. Nfh2 Qxe4+ 30. Rxe4 Rd2 31. Rb1 Ne7 32. Nf3 Rc2 33. Ne3 Re2 34. Kf1 Rxe3
35. Rxe3 Nf5 36. Ke2 g4 37. Nxe5 Nxe3 38. Ng6+ Kg8 39. Nxf8 Nxc4 40. Nxe6 1-0

[Event "World Blitz 2025"]
[Site "Doha QAT"]
[Date "2025.12.30"]
[Round "18.17"]
[White "Bu, Xiangzhi"]
[Black "Rapport, Richard"]
[Result "1-0"]
[WhiteTitle "GM"]
[BlackTitle "GM"]
[WhiteElo "2665"]
[BlackElo "2741"]
[WhiteFideId "8601445"]
[BlackFideId "738590"]
[EventDate "2025.12.29"]

1. Nf3 Nf6 2. d4 g6 3. Bg5 Bg7 4. Nbd2 O-O 5. e4 d5 6. exd5 Nxd5 7. c3 b6 8. Bd3
c5 9. O-O Bb7 10. Re1 Nc6 11. Nb3 cxd4 12. Nbxd4 Nxd4 13. Nxd4 h6 14. Bh4 Qd7
15. Bb5 Qc7 16. c4 Qf4 17. cxd5 Qxh4 18. Nc6 Bxb2 19. Rb1 Ba3 20. g3 Qf6 21. Rb3
Bc5 22. Rf3 Qb2 23. Nxe7+ Kg7 24. Qb3 Qd2 25. Rd1 Qg5 26. Nc6 Bc8 27. Qc3+ Kh7
28. Rf4 Bd6 29. Rf6 Bg4 30. f3 Bc5+ 31. Kg2 Bd7 32. h4 1-0

[Event "World Blitz 2025"]
[Site "Doha QAT"]
[Date "2025.12.30"]
[Round "18.18"]
[White "Sevian, Samuel"]
[Black "Narayanan, S.L."]
[Result "0-1"]
[WhiteTitle "GM"]
[BlackTitle "GM"]
[WhiteElo "2688"]
[BlackElo "2616"]
[WhiteFideId "2040506"]
[BlackFideId "5058422"]
[EventDate "2025.12.29"]

1. e4 c5 2. Nf3 d6 3. d4 cxd4 4. Nxd4 Nf6 5. Bd3 Nc6 6. Be3 g6 7. h3 Bg7 8. c4
O-O 9. Nc3 Bd7 10. O-O Rc8 11. Rc1 Ne5 12. b3 Nxd3 13. Qxd3 a6 14. Rfe1 Qa5 15.
Bd2 Qb6 16. Be3 Qa5 17. a4 Bc6 18. Bd2 Qb6 19. Be3 Qa5 20. Nd5 Bxd5 21. exd5 Nd7
22. Nf3 Rfe8 23. Bd4 Nc5 24. Qe3 e5 25. Bc3 Qc7 26. Rb1 a5 27. Nd2 f5 28. Bb2 b6
29. Rbd1 e4 30. Bxg7 Qxg7 31. Nb1 Qe5 32. g3 Nd3 33. f4 Qb2 34. Nd2 Nxe1 35.
Rxe1 Rb8 36. Re2 Qa3 37. Kg2 Qc5 38. Nf1 Kf7 39. Rd2 Qxe3 40. Nxe3 Kf6 41. Rf2
h6 42. Kf1 Rf8 43. Ke2 Rbe8 44. Rf1 Rf7 45. Kd2 Ref8 46. Nc2 Re8 47. Ke3 g5 48.
Nd4 gxf4+ 49. Rxf4 Kg6 50. Ne6 Rf6 51. g4 fxg4 52. Rxg4+ Kh7 53. Kxe4 Re7 54. h4
Rf2 55. Rg3 Ref7 56. h5 Rh2 57. Nd4 Rxh5 58. Nb5 Rf6 59. Kd3 Rhf5 60. Nd4 Rf1
61. Re3 h5 62. Re7+ Kg6 63. Ne6 h4 64. Rg7+ Kh6 65. Rg8 Rf7 66. Rg4 Kh5 67. Rg5+
Kh6 68. Rg4 Rh1 69. Ke4 h3 70. Rh4+ Kg6 71. Rg4+ Kf6 72. Ng5 Re7+ 73. Ne6 h2 74.
Rf4+ Kg6 75. Rg4+ Kh5 76. Rg8 Re1+ 77. Kd4 R7xe6 78. dxe6 Rxe6 0-1

[Event "World Blitz 2025"]
[Site "Doha QAT"]
[Date "2025.12.30"]
[Round "18.19"]
[White "Murzin, Volodar"]
[Black "Sarana, Alexey"]
[Result "1/2-1/2"]
[WhiteTitle "GM"]
[BlackTitle "GM"]
[WhiteElo "2648"]
[BlackElo "2673"]
[WhiteFideId "44155573"]
[BlackFideId "24133795"]
[EventDate "2025.12.29"]

1. d4 d5 2. Nf3 Nf6 3. Bf4 e6 4. e3 Bd6 5. Bg3 O-O 6. Nbd2 c5 7. c3 Qc7 8. dxc5
Qxc5 9. Rc1 Bxg3 10. hxg3 Nc6 11. b4 Qe7 12. b5 Na5 13. Qa4 b6 14. Ne5 Nd7 15.
Nxd7 Bxd7 16. Nb3 Nxb3 17. axb3 a5 18. Bd3 g6 19. O-O Rac8 20. e4 Rc5 21. b4
axb4 22. Qxb4 Rfc8 23. exd5 exd5 24. Rc2 Qf6 25. Rfc1 h5 26. Kf1 Bf5 27. Bxf5
Qxf5 28. Kg1 Qd3 29. Qf4 Rxb5 30. Rd2 Qe4 31. Qf6 Re8 32. Rcd1 Qe6 33. Qf3 Rc8
34. Rxd5 Rxd5 35. Rxd5 Qe1+ 36. Kh2 Qxc3 37. Qf4 Qc7 38. Qf6 Rb8 39. Re5 Qd8 40.
Re7 Qd5 41. Qf4 Rd8 42. Qc7 b5 43. Rxf7 Qxf7 44. Qxd8+ Kh7 45. Qb6 Qd7 46. f3
Kg7 47. Qb8 Kf7 48. Qb6 Qd5 49. Qc7+ Kf6 50. Qb6+ Kf5 51. Kh3 Kg5 52. Qe3+ Kf6
53. Qc3+ Qe5 54. Qb4 Kg7 55. Kh2 h4 56. f4 hxg3+ 57. Kxg3 Qe3+ 58. Kg4 Qe2+ 59.
Kg3 Kf7 60. Qd4 Qe1+ 61. Kf3 b4 62. Qd7+ Kf6 63. Qd8+ Kf7 64. Qd7+ Kf8 65. Qd8+
Kg7 66. Qc7+ Kh6 67. Qb8 Qc3+ 68. Kg4 Kg7 69. Qb7+ Kf6 70. Qb6+ Kf7 71. Qb7+ Ke8
72. Qe4+ Kf7 73. Qb7+ Kf8 74. Qb8+ Ke7 75. Qb7+ Kd8 76. Qb6+ Kd7 77. Qb7+ Kd8
78. Qb6+ Kc8 79. Qxg6 b3 80. Qe8+ Kc7 81. Qe7+ Kb6 82. Qd6+ Kb5 83. Qb8+ Kc4 84.
Qc8+ Kd3 85. Qf5+ Ke3 86. Qe6+ Kf2 87. f5 b2 88. Qb6+ Kxg2 89. f6 Qg3+ 90. Kh5
Qe5+ 91. Kh6 Qf4+ 92. Kg7 Qg5+ 93. Kf8 Qh6+ 94. Ke7 Qh7+ 95. f7 Qe4+ 96. Kf6
b1=Q 97. Qxb1 Qxb1 98. f8=Q Qf1+ 99. Kg7 Qxf8+ 100. Kxf8 1/2-1/2

[Event "World Blitz 2025"]
[Site "Doha QAT"]
[Date "2025.12.30"]
[Round "18.20"]
[White "Iturrizaga Bonelli, Eduardo"]
[Black "Van Foreest, Jorden"]
[Result "0-1"]
[WhiteTitle "GM"]
[BlackTitle "GM"]
[WhiteElo "2592"]
[BlackElo "2692"]
[WhiteFideId "3901211"]
[BlackFideId "1039784"]
[EventDate "2025.12.29"]

1. c4 d6 2. d4 Nf6 3. Nf3 g6 4. g3 Bg7 5. Bg2 O-O 6. O-O Nbd7 7. Nc3 e5 8. e4
Re8 9. h3 b6 10. Re1 exd4 11. Nxd4 Bb7 12. f3 d5 13. cxd5 Nxd5 14. Nxd5 Bxd5 15.
Be3 Bb7 16. Qc2 Nc5 17. Rad1 Qe7 18. Bf2 a5 19. Nb5 Rad8 20. Nc3 c6 21. Bf1 Ne6
22. Bxb6 Rxd1 23. Rxd1 c5 24. Nd5 Bxd5 25. Rxd5 Bd4+ 26. Kg2 Rb8 27. Rxd4 Nxd4
28. Bxc5 Nxc2 29. Bxe7 Rxb2 30. Kf2 Nb4+ 31. Ke3 Rxa2 32. Bc4 Ra3+ 33. Kf4 Nd3+
34. Ke3 Nb4+ 35. Kf4 Rc3 36. Bb5 Nd3+ 37. Kg5 Nc5 38. Kf4 Ne6+ 0-1

[Event "World Blitz 2025"]
[Site "Doha QAT"]
[Date "2025.12.30"]
[Round "18.21"]
[White "Salem, A.R. Saleh"]
[Black "Naiditsch, Arkadij"]
[Result "1-0"]
[WhiteTitle "GM"]
[BlackTitle "GM"]
[WhiteElo "2635"]
[BlackElo "2574"]
[WhiteFideId "9301348"]
[BlackFideId "4650891"]
[EventDate "2025.12.29"]

1. d4 Nf6 2. c4 g6 3. Nc3 Bg7 4. e4 d6 5. h3 O-O 6. Be3 Na6 7. Bd3 e5 8. d5 Nc5
9. Bc2 a5 10. Qd2 Nh5 11. Nge2 Bd7 12. O-O-O a4 13. a3 Qb8 14. g4 Nf4 15. Nxf4
exf4 16. Bd4 Be5 17. Bxe5 dxe5 18. f3 Qa7 19. g5 Rab8 20. h4 b5 21. cxb5 Bxb5
22. h5 Bc4 23. Qh2 Qb6 24. Nxa4 Nxa4 25. Bxa4 Qe3+ 26. Qd2 Qxf3 27. Rde1 Bb3 28.
Bd7 Qg3 29. hxg6 fxg6 30. Be6+ Kg7 31. Reg1 Qe3 32. Rg4 c6 33. Rgh4 h5 34. gxh6+
Kh7 35. Qxe3 fxe3 36. Re1 Rf2 37. Rxe3 Ba4 38. b4 Rc2+ 39. Kb1 Rf8 40. Rh1 Rff2
41. d6 Rb2+ 42. Ka1 Ra2+ 43. Bxa2 1-0

[Event "World Blitz 2025"]
[Site "Doha QAT"]
[Date "2025.12.30"]
[Round "18.22"]
[White "Ponomariov, Ruslan"]
[Black "Moussard, Jules"]
[Result "0-1"]
[WhiteTitle "GM"]
[BlackTitle "GM"]
[WhiteElo "2639"]
[BlackElo "2600"]
[WhiteFideId "14103320"]
[BlackFideId "642908"]
[EventDate "2025.12.29"]

1. Nf3 Nf6 2. c4 e6 3. b3 d5 4. Bb2 Bd6 5. g3 O-O 6. Bg2 b6 7. cxd5 exd5 8. O-O
Bb7 9. Nc3 a6 10. e3 Nbd7 11. Rc1 Re8 12. Re1 Rc8 13. Re2 Ne5 14. Nxe5 Bxe5 15.
d4 Bd6 16. Rec2 Qe7 17. a4 h5 18. Ne2 Ne4 19. Nf4 g6 20. h4 c6 21. Bf3 Rc7 22.
Kg2 Bc8 23. Rxc6 Rxc6 24. Rxc6 Nxf2 25. Kxf2 Qxe3+ 26. Kg2 Bxf4 27. gxf4 Bg4 28.
Rc2 Qxf4 29. Rf2 Bf5 30. Bxd5 Bh3+ 31. Kxh3 Qxf2 32. Bc1 Qf5+ 0-1

[Event "World Blitz 2025"]
[Site "Doha QAT"]
[Date "2025.12.30"]
[Round "18.23"]
[White "Pantsulaia, Levan"]
[Black "Andreikin, Dmitry"]
[Result "0-1"]
[WhiteTitle "GM"]
[BlackTitle "GM"]
[WhiteElo "2472"]
[BlackElo "2710"]
[WhiteFideId "13602071"]
[BlackFideId "4158814"]
[EventDate "2025.12.29"]

1. Nf3 Nf6 2. g3 d6 3. c4 e5 4. Nc3 Be7 5. Bg2 O-O 6. O-O c6 7. d3 a5 8. a3 h6
9. Rb1 Be6 10. c5 dxc5 11. Nxe5 Nbd7 12. Nf3 Nb6 13. Qc2 a4 14. Be3 Bb3 15. Qc1
Ng4 16. Bf4 Re8 17. Ne4 Nd5 18. Bd2 Qb6 19. Bc3 Nxc3 20. bxc3 c4 21. Nfd2 cxd3
22. exd3 Ne5 23. Nc4 Nxc4 24. dxc4 Rad8 25. h4 Qa7 26. Nd2 Bxa3 27. Qxa3 Rxd2
28. Rxb3 Ree2 29. Rxb7 Rxf2 0-1